Anthills of the Savannah / (Record no. 127144)
[ view plain ]
| 000 -LEADER | |
|---|---|
| fixed length control field | 01112cam a2200313 a 4500 |
| 001 - CONTROL NUMBER | |
| control field | 2921717 |
| 003 - CONTROL NUMBER IDENTIFIER | |
| control field | ARRUPE |
| 005 - DATE AND TIME OF LATEST TRANSACTION | |
| control field | 20171025113043.0 |
| 008 - FIXED-LENGTH DATA ELEMENTS--GENERAL INFORMATION | |
| fixed length control field | 880219s1987 enk 000 1 eng c |
| 010 ## - LIBRARY OF CONGRESS CONTROL NUMBER | |
| LC control number | 88672167 |
| 020 ## - INTERNATIONAL STANDARD BOOK NUMBER | |
| International Standard Book Number | 0434006041 : |
| Terms of availability | £10.95 |
| 040 ## - CATALOGING SOURCE | |
| Original cataloging agency | MH |
| Transcribing agency | MH |
| Modifying agency | DLC |
| 050 00 - LIBRARY OF CONGRESS CALL NUMBER | |
| Classification number | PR-532-2 |
| 051 ## - LIBRARY OF CONGRESS COPY, ISSUE, OFFPRINT STATEMENT | |
| Classification number | PR9387.9.A3 |
| Item number | A83 1987b Copy 2. |
| 082 00 - DEWEY DECIMAL CLASSIFICATION NUMBER | |
| Classification number | 823 |
| Edition number | 19 |
| 300 ## - PHYSICAL DESCRIPTION | |
| Dimensions | 23 cm. |
| 100 1# - MAIN ENTRY--PERSONAL NAME | |
| Personal name | Achebe, Chinua. |
| 9 (RLIN) | 37256 |
| 245 10 - TITLE STATEMENT | |
| Title | Anthills of the Savannah / |
| Statement of responsibility, etc | by Chinua Achebe. |
| 260 ## - PUBLICATION, DISTRIBUTION, ETC. (IMPRINT) | |
| Place of publication, distribution, etc | London : |
| Name of publisher, distributor, etc | Heinemann, |
| Date of publication, distribution, etc | 1987. |
| 300 ## - PHYSICAL DESCRIPTION | |
| Extent | 233 p. ; |
| 500 ## - GENERAL NOTE | |
| General note | LC copy has dust jacket. |
| Institution to which field applies | DLC |
| 500 ## - GENERAL NOTE | |
| General note | Source: Copyright deposit, Nov. 24, 1987. |
| Institution to which field applies | DLC |
| 651 #0 - SUBJECT ADDED ENTRY--GEOGRAPHIC NAME | |
| Geographic name | Africa, Central |
| General subdivision | Fiction. |
| 9 (RLIN) | 37257 |
| 655 #7 - INDEX TERM--GENRE/FORM | |
| Genre/form data or focus term | Political fiction. |
| Source of term | lcsh |
| 9 (RLIN) | 20344 |
| 906 ## - LOCAL DATA ELEMENT F, LDF (RLIN) | |
| a | 7 |
| b | cbc |
| c | orignew |
| d | u |
| e | ncip |
| f | 19 |
| g | y-gencatlg |
| 942 ## - ADDED ENTRY ELEMENTS (KOHA) | |
| Source of classification or shelving scheme | Library of Congress Classification |
| Koha item type | Monograph ( Printed materials) |
| Withdrawn status | Lost status | Source of classification or shelving scheme | Damaged status | Not for loan | Collection code | Home library | Current library | Shelving location | Date acquired | Total Checkouts | Full call number | Barcode | Date last seen | Date checked out | Price effective from | Koha item type | Checked out | Total Renewals |
|---|---|---|---|---|---|---|---|---|---|---|---|---|---|---|---|---|---|---|
| Library of Congress Classification | Main Collection | ARRUPE COLLEGE BOOKSTORE | ARRUPE COLLEGE BOOKSTORE | Main Collection | 25/10/2017 | 1 | PR-532-7 | 46500026451 | 10/01/2018 | 10/01/2018 | 25/10/2017 | Monograph ( Printed materials) | 10/05/2018 | |||||
| Library of Congress Classification | Main Collection | ARRUPE COLLEGE BOOKSTORE | ARRUPE COLLEGE BOOKSTORE | Main Collection | 25/10/2017 | 1 | PR-532-9 | 46500026453 | 05/12/2018 | 09/08/2018 | 25/10/2017 | Monograph ( Printed materials) | ||||||
| Library of Congress Classification | Main Collection | ARRUPE COLLEGE BOOKSTORE | ARRUPE COLLEGE BOOKSTORE | Main Collection | 25/10/2017 | 1 | PR-532-10 | 46500026454 | 10/12/2018 | 09/08/2018 | 25/10/2017 | Monograph ( Printed materials) | ||||||
| Library of Congress Classification | Main Collection | ARRUPE COLLEGE BOOKSTORE | ARRUPE COLLEGE BOOKSTORE | Main Collection | 25/10/2017 | 1 | PR-532-11 | 46500026455 | 03/10/2018 | 08/08/2018 | 25/10/2017 | Monograph ( Printed materials) | ||||||
| Library of Congress Classification | Main Collection | ARRUPE COLLEGE BOOKSTORE | ARRUPE LIBRARY | Main Collection | 25/10/2017 | 4 | PR-532-1 | 46500026445 | 08/01/2025 | 08/01/2025 | 25/10/2017 | Monograph ( Printed materials) | ||||||
| Library of Congress Classification | Main Collection | ARRUPE COLLEGE BOOKSTORE | ARRUPE LIBRARY | Main Collection | 25/10/2017 | 5 | PR-532-3 | 46500026446 | 24/05/2023 | 24/02/2023 | 25/10/2017 | Monograph ( Printed materials) | ||||||
| Library of Congress Classification | Main Collection | ARRUPE COLLEGE BOOKSTORE | ARRUPE LIBRARY | Main Collection | 25/10/2017 | 3 | PR-532-4 | 46500026447 | 28/02/2024 | 28/02/2024 | 25/10/2017 | Monograph ( Printed materials) | 17/05/2024 | |||||
| Library of Congress Classification | Main Collection | ARRUPE COLLEGE BOOKSTORE | ARRUPE LIBRARY | Main Collection | 25/10/2017 | 2 | PR-532-2 | 46500026448 | 21/01/2026 | 21/08/2018 | 25/10/2017 | Monograph ( Printed materials) | ||||||
| Library of Congress Classification | Main Collection | ARRUPE COLLEGE BOOKSTORE | ARRUPE LIBRARY | Main Collection | 25/10/2017 | 5 | PR-532-5 | 46500026449 | 09/05/2024 | 14/02/2024 | 25/10/2017 | Monograph ( Printed materials) | ||||||
| Library of Congress Classification | Main Collection | ARRUPE COLLEGE BOOKSTORE | ARRUPE LIBRARY | Main Collection | 25/10/2017 | 4 | PR-532-6 | 46500026450 | 07/03/2023 | 07/03/2023 | 25/10/2017 | Monograph ( Printed materials) | 06/04/2023 | |||||
| Library of Congress Classification | Main Collection | ARRUPE COLLEGE BOOKSTORE | ARRUPE LIBRARY | Main Collection | 25/10/2017 | 4 | PR-532-8 | 46500026452 | 09/05/2024 | 28/02/2024 | 25/10/2017 | Monograph ( Printed materials) | ||||||
| Library of Congress Classification | Main Collection | ARRUPE COLLEGE BOOKSTORE | ARRUPE LIBRARY | Main Collection | 21/05/2018 | 5 | PR-532-12 | 46600001489 | 30/05/2025 | 30/05/2025 | 21/05/2018 | Monograph ( Printed materials) | 13/06/2025 | 1 |